000 00536nam a2200217Ia 4500
003 OSt
005 20220928140604.0
006 a|||||r|||| 00| 0
007 ta
008 220927b |||||||| |||| 00| 0 eng d
024 _a9688
037 _cTextual
040 _aSDCL
_cSDCL
_beng
041 _2eng
_aeng
082 _aO-,3L75:g(Q), L3
100 _aNardin Jane
_9496078
245 0 _aThose elegant decorums.
260 _c1973
942 _hO-,3L75:g(Q), L3
_cTEXL
_2CC
999 _c812345
_d812345